| 000 | 00811nam a2200253 a 4500 | ||
|---|---|---|---|
| 003 | MX-MxUPN | ||
| 005 | 20241001063939.0 | ||
| 008 | 991125s1931 fr a gr 000 0 fre d | ||
| 035 | _aUPN01000036148 | ||
| 040 |
_aMX-MxUPN _bspa _cMX-MxUPN |
||
| 041 | _afre | ||
| 050 | 4 |
_aRF46 _bR6 |
|
| 100 | 1 |
_aRouget, Jean, _dn. 1883 _930778 |
|
| 245 | 1 | 0 | _aMaladies du nez, de la gorge et de l'oreille |
| 260 |
_aParís : _bLarousse, _c1931. |
||
| 300 |
_a216 páginas : _bilustraciones |
||
| 490 | 0 | _aBibliothéque Larousse | |
| 500 | _aA la cabeza de la portada: "Prévenir et Guérir" | ||
| 650 | 4 |
_aOtorrinolaringología _953026 |
|
| 710 | 2 |
_aInstituto Nacional de Investigación Educativa (México) _epropietario anterior _928086 |
|
| 902 | _bMaríaRobles/120824 | ||
| 905 | _aLibro | ||
| 942 |
_2lcc _cLIBRO _n0 |
||
| 999 |
_c36148 _d36148 |
||